00000000nam 2200000zi 4500
0019.954186
003CaOODSP
00520250818105408
006m     o  d f      
007cr mn ||||||||
008250818e20180321onc     obs  f000 0 fre d
040 |aCaOODSP|bfre|erda|cCaOODSP
043 |an-cn---
0861 |aCS82-003/2018-3-1F-PDF
1001 |aBougie, Evelyne, |d1974- |eauteur.
24510|aCorrélats de l’usage du tabac chez les hommes et les femmes inuits vivant dans l’Inuit Nunangat / |cpar Evelyne Bougie et Dafna E. Kohen.
264 1|a[Ottawa] : |bStatistique Canada = Statistics Canada, |cle 21 mars 2018.
264 4|c©2018
300 |a1 ressource en ligne (pages 3-12).
336 |atexte|btxt|2rdacontent/fre
337 |ainformatique|bc|2rdamedia/fre
338 |aressource en ligne|bcr|2rdacarrier/fre
4901 |aRapports sur la santé, |x1209-1375 ; |vvol. 29, no. 3, [1]
500 |aTitre de la couverture.
500 |aPublié aussi en anglais sous le titre : Smoking correlates among Inuit men and women in Inuit Nunangat.
504 |aComprend des références bibliographiques (pages 11-12).
5203 |a« Bien que les taux d’usage quotidien du tabac chez les Inuits diminuent depuis 1991, les Inuits sont encore beaucoup plus susceptibles de fumer comparativement à la population canadienne dans son ensemble. Cependant, peu d’études empiriques fondées sur la population ont relevé les caractéristiques associées à l’usage de la cigarette au sein de cette population » -- Résumé, page 3.
650 6|aTabagisme|zCanada|vStatistiques.
650 6|aHommes autochtones|xSanté et hygiène|zCanada|vStatistiques.
650 6|aFemmes autochtones|xSanté et hygiène|zCanada|vStatistiques.
655 7|aStatistiques|2rvmgf
7102 |aStatistique Canada, |eorganisme de publication.
77508|tSmoking correlates among Inuit men and women in Inuit Nunangat / |w(CaOODSP)9.954183
830#0|aRapports sur la santé (Collection)|x1209-1375 ; |vvol. 29, no. 3, [1].|w(CaOODSP)9.950257
85640|qPDF|s527 Ko|uhttps://publications.gc.ca/collections/collection_2025/statcan/82-003-x/CS82-003-2018-3-1-fra.pdf
8564 |qHTML|sS.O.|uhttps://www150.statcan.gc.ca/n1/pub/82-003-x/2018003/article/54920-fra.htm